| 000 -LEADER |
| fixed length control field |
00714nam a22001937a 4500 |
| 008 - FIXED-LENGTH DATA ELEMENTS--GENERAL INFORMATION |
| fixed length control field |
201105b ||||| |||| 00| 0 eng d |
| 040 ## - CATALOGING SOURCE |
| Original cataloging agency |
BMS College of Architecture |
| 100 ## - MAIN ENTRY--PERSONAL NAME |
| Personal name |
Gayathri, K S |
| 245 ## - TITLE STATEMENT |
| Title |
Transit oriented development an emerging futuristic sustainable solutions for Indian cities A case of Yeshwanthpur |
| 300 ## - PHYSICAL DESCRIPTION |
| Extent |
100p. |
| 502 ## - DISSERTATION NOTE |
| Degree type |
M.Arch (Habitat Design) |
| Name of granting institution |
BMS College of Architecture, Visvesvaraya Technological University (VTU) |
| Dissertation note |
Dessertation |
| Year degree granted |
2019 |
| 650 ## - SUBJECT ADDED ENTRY--TOPICAL TERM |
| Topical term or geographic name as entry element |
Transit oriented development |
| 650 ## - SUBJECT ADDED ENTRY--TOPICAL TERM |
| Topical term or geographic name as entry element |
Indian cities |
| 700 ## - ADDED ENTRY--PERSONAL NAME |
| Personal name |
Mamtha P Raj |
| Relator term |
Guide |
| 700 ## - ADDED ENTRY--PERSONAL NAME |
| Personal name |
Rachana D R |
| Relator term |
Guide |
| 700 ## - ADDED ENTRY--PERSONAL NAME |
| Personal name |
Pooja S |
| Relator term |
Guide |
| 700 ## - ADDED ENTRY--PERSONAL NAME |
| Personal name |
Sadashiv Chakravarthy |
| Relator term |
Guide |
| 942 ## - ADDED ENTRY ELEMENTS (KOHA) |
| Source of classification or shelving scheme |
|
| Koha item type |
UG-Thesis and Dissertations |